000 00756nam a2200229Ia 4500
003 OSt
005 20220925235329.0
006 a|||||r|||| 00| 0
007 ta
008 220923b |||||||| |||| 00| 0 eng d
020 _a9788189524807
_c25
037 _b875, 12/03/2013, Pranami Book Service
_cGeneral Book
040 _aRTL
_cRTL
_beng
041 _2eng
_aeng
082 _aQ1, Q2
100 _aSMITH Brain K.
_9301211
245 0 _aVeda and Varna
_b Canonical authority and social classification Veda and Varna in ancient Indian texts
260 _a New Delhi
_bCritical Quest
_c2012
300 _a32p
_ccm.
942 _hQ1, Q2
_cGB
_2CC
999 _c597165
_d597165